La democratización de los partidos políticos en Colombia / (Registro nro. 5122)
[ vista simple ]
| 000 -LEADER | |
|---|---|
| fixed length control field | 01123nam a2200253Ia 4500 |
| 003 - CONTROL NUMBER IDENTIFIER | |
| control field | OSt |
| 005 - DATE AND TIME OF LATEST TRANSACTION | |
| control field | 20201111115228.0 |
| 008 - FIXED-LENGTH DATA ELEMENTS--GENERAL INFORMATION | |
| fixed length control field | 191128s2006 ck gr 000 0 spa d |
| 020 ## - INTERNATIONAL STANDARD BOOK NUMBER | |
| International Standard Book Number | 958653491x |
| 040 ## - CATALOGING SOURCE | |
| Original cataloging agency | CO-JMCR |
| Transcribing agency | CO-JMCR |
| 041 0# - LANGUAGE CODE | |
| Language code of text/sound track or separate title | spa |
| 082 04 - DEWEY DECIMAL CLASSIFICATION NUMBER | |
| Classification number | 324.29861 / |
| Item number | R934d |
| Edition number | 23 |
| 100 1# - MAIN ENTRY--PERSONAL NAME | |
| Personal name | Ruiz Páez, Germán, |
| Relator term | autor |
| 9 (RLIN) | 2255 |
| 245 13 - TITLE STATEMENT | |
| Title | La democratización de los partidos políticos en Colombia / |
| Statement of responsibility, etc. | Germán Ruiz Páez |
| 260 ## - PUBLICATION, DISTRIBUTION, ETC. | |
| Place of publication, distribution, etc. | Bogotá : |
| Name of publisher, distributor, etc. | Fundación Konrad Adenauer Stiftung ; Corporación Pensamiento siglo XXI, |
| Date of publication, distribution, etc. | 2006 |
| 300 ## - PHYSICAL DESCRIPTION | |
| Extent | 52 páginas ; |
| Dimensions | 21 cm. |
| 490 0# - SERIES STATEMENT | |
| Series statement | Debate político ; |
| Volume/sequential designation | 17 |
| 505 0# - FORMATTED CONTENTS NOTE | |
| Formatted contents note | Distintas definiciones de partidos y dimensiones para analizar los partidos políticos -- Contexto del nuevo mandato constitucional de democratizar los partidos -- Significado, alcance y recomendaciones para la democratización interna de los partidos |
| 650 24 - SUBJECT ADDED ENTRY--TOPICAL TERM | |
| Topical term or geographic name entry element | Partidos políticos |
| Geographic subdivision | Colombia |
| 9 (RLIN) | 2256 |
| 650 24 - SUBJECT ADDED ENTRY--TOPICAL TERM | |
| Topical term or geographic name entry element | Política |
| General subdivision | aspectos sociales |
| Geographic subdivision | Colombia |
| 9 (RLIN) | 2257 |
| 650 24 - SUBJECT ADDED ENTRY--TOPICAL TERM | |
| Topical term or geographic name entry element | Democratización |
| Geographic subdivision | Colombia |
| 9 (RLIN) | 2258 |
| 650 24 - SUBJECT ADDED ENTRY--TOPICAL TERM | |
| Topical term or geographic name entry element | Política y gobierno |
| Geographic subdivision | Colombia |
| 9 (RLIN) | 2259 |
| 942 ## - ADDED ENTRY ELEMENTS (KOHA) | |
| Source of classification or shelving scheme | Dewey Decimal Classification |
| Koha item type | Books |
| Withdrawn status | Lost status | Source of classification or shelving scheme | Damaged status | Not for loan | Collection code | Home library | Current library | Date acquired | Source of acquisition | Cost, normal purchase price | Full call number | Barcode | Date last seen | Copy number | Price effective from | Koha item type |
|---|---|---|---|---|---|---|---|---|---|---|---|---|---|---|---|---|
| Dewey Decimal Classification | Non-fiction | Biblioteca Pública José María del Castillo y Rada | Biblioteca Pública José María del Castillo y Rada | 04/15/2018 | Donación | 0.00 | 324.29861 / R934d | 430001333 | 05/16/2024 | Ej.1 | 04/15/2018 | Books | ||||
| Dewey Decimal Classification | Non-fiction | Biblioteca Pública José María del Castillo y Rada | Biblioteca Pública José María del Castillo y Rada | 04/15/2018 | Donación | 0.00 | 324.29861 / R934d | 201809997 | 05/16/2024 | Ej.2 | 04/15/2018 | Books |